[Event "Rio de Janeiro Trompowsky Memorial"]
[Site "Rio de Janeiro"]
[Date "2015.12.12"]
[Round "8"]
[White "Da Silva, Hercules Jeronymo"]
[Black "Braga, Ubirani de Souza"]
[Result "1/2-1/2"]
[WhiteElo "2194"]
[BlackElo "2117"]
[PlyCount "34"]
[EventDate "2015.12.08"]
[EventType "tourn"]
[EventRounds "9"]
[EventCountry "BRA"]
[SourceTitle "EXT 2018"]
[Source "ChessBase"]
[SourceDate "2017.10.13"]
[SourceVersion "1"]
[SourceVersionDate "2017.10.13"]
[SourceQuality "1"]

1. f4 f5 2. b3 b6 3. Bb2 Bb7 4. e3 e6 5. Nf3 Nf6 6. Be2 Be7 7. 0-0 0-0 8. c4 c5 9. Nc3 Nc6 10. Qe1 d5 11. cxd5 exd5 12. Rc1 Kh8 13. Ne5 Rc8 14. Nd1 Ne4 15. d3 Nf6 16. Qg3 d4 17. exd4 cxd4 1/2-1/2

[Event "Rio de Janeiro Larsen Memorial"]
[Site "Rio de Janeiro"]
[Date "2015.10.16"]
[Round "7"]
[White "Malafaia, Raphael de Souza"]
[Black "Da Silva, Hercules Jeronymo"]
[Result "1/2-1/2"]
[WhiteElo "2251"]
[BlackElo "2234"]
[PlyCount "53"]
[EventDate "2015.10.13"]
[EventType "swiss"]
[EventRounds "7"]
[EventCountry "BRA"]
[SourceTitle "EXT 2018"]
[Source "ChessBase"]
[SourceDate "2017.10.13"]
[SourceVersion "1"]
[SourceVersionDate "2017.10.13"]
[SourceQuality "1"]

1. e4 c6 2. d4 d5 3. Nc3 dxe4 4. Nxe4 Nf6 5. Nxf6+ exf6 6. Bc4 Bd6 7. Nf3 0-0 8. h3 Re8+ 9. Be3 Bf4 10. Qd2 Qe7 11. Ke2 Bf5 12. Rhe1 Nd7 13. Kf1 Bxe3 14. Rxe3 Qd6 15. Rae1 Rxe3 16. Rxe3 b5 17. Bb3 a5 18. c3 a4 19. Bc2 Bxc2 20. Qxc2 Nf8 21. Nd2 Ne6 22. Qf5 a3 23. b3 Rd8 24. Ne4 Qf4 25. Qxf4 Nxf4 26. g3 Nd5 27. Rd3 1/2-1/2

[Event "Rio de Janeiro Larsen Memorial"]
[Site "Rio de Janeiro"]
[Date "2015.10.14"]
[Round "2"]
[White "Braga, Ubirani de Souza"]
[Black "Da Silva, Hercules Jeronymo"]
[Result "0-1"]
[WhiteElo "2154"]
[BlackElo "2234"]
[PlyCount "70"]
[EventDate "2015.10.13"]
[EventType "swiss"]
[EventRounds "7"]
[EventCountry "BRA"]
[SourceTitle "EXT 2018"]
[Source "ChessBase"]
[SourceDate "2017.10.13"]
[SourceVersion "1"]
[SourceVersionDate "2017.10.13"]
[SourceQuality "1"]

1. e4 e5 2. Nf3 Nc6 3. Bb5 f5 4. exf5 e4 5. Qe2 Qe7 6. Ng1 Nd4 7. Qh5+ Kd8 8. Ba4 Nf6 9. Qd1 b5 10. Bb3 a5 11. c3 Nxf5 12. Ne2 d5 13. 0-0 c5 14. Bc2 d4 15. d3 e3 16. fxe3 Nxe3 17. Bxe3 Qxe3+ 18. Kh1 Bg4 19. Re1 Bd6 20. Qd2 Re8 21. Qxe3 Rxe3 22. Bd1 c4 23. h3 cxd3 24. hxg4 Nxg4 25. Nd2 Nf2+ 26. Kg1 Nxd1 27. Raxd1 dxe2 28. Rb1 d3 29. Kf2 Re6 30. Rh1 Bf4 31. Nf3 Kc7 32. Nd4 Re7 33. Nxb5+ Kb6 34. Nd4 Rf8 35. Nf3 d2 0-1

[Event "Rio de Janeiro Larsen Memorial"]
[Site "Rio de Janeiro"]
[Date "2015.10.13"]
[Round "1"]
[White "Da Silva, Hercules Jeronymo"]
[Black "Violla Cunha, Mario"]
[Result "0-1"]
[WhiteElo "2234"]
[BlackElo "2357"]
[PlyCount "56"]
[EventDate "2015.10.13"]
[EventType "swiss"]
[EventRounds "7"]
[EventCountry "BRA"]
[SourceTitle "EXT 2018"]
[Source "ChessBase"]
[SourceDate "2017.10.13"]
[SourceVersion "1"]
[SourceVersionDate "2017.10.13"]
[SourceQuality "1"]

1. d4 d5 2. c4 e6 3. Nf3 Be7 4. Nc3 Nf6 5. Bf4 0-0 6. e3 c5 7. cxd5 Nxd5 8. Nxd5 Qxd5 9. a3 Rd8 10. dxc5 Qxc5 11. Qc1 Qf5 12. Bc7 Rd7 13. Be2 Nc6 14. Bg3 e5 15. 0-0 Rd8 16. Rd1 Be6 17. Rxd8+ Rxd8 18. Ba6 Bd6 19. Bxb7 Na5 20. Ba6 Nb3 21. Qb1 Nxa1 22. Qxa1 Bb3 23. Nd2 Qc2 24. Nf1 Bf8 25. Qe1 Qxb2 26. h3 Qxa3 27. Qe2 f6 28. f3 Qa2 0-1

[Event "Rio de Janeiro Euwe Memorial 2nd"]
[Site "Rio de Janeiro"]
[Date "2015.08.16"]
[Round "3"]
[White "Braga, Ubirani de Souza"]
[Black "Da Silva, Hercules Jeronymo"]
[Result "0-1"]
[WhiteElo "2151"]
[BlackElo "2211"]
[PlyCount "60"]
[EventDate "2015.08.15"]
[EventType "swiss"]
[EventRounds "7"]
[EventCountry "BRA"]
[SourceTitle "EXT 2016"]
[Source "ChessBase"]
[SourceDate "2015.10.08"]
[SourceVersion "1"]
[SourceVersionDate "2015.10.08"]
[SourceQuality "1"]

1. d4 f5 2. c4 Nf6 3. Nc3 g6 4. Bf4 Bg7 5. e3 0-0 6. Nf3 d6 7. h4 h6 8. Bd3 c5 9. d5 Nbd7 10. Qc2 Nh5 11. Bh2 Ndf6 12. 0-0-0 Ng4 13. Bg1 Bd7 14. Kb1 a6 15. Nd2 b5 16. cxb5 axb5 17. Nxb5 Qa5 18. Na3 Bxb2 19. Qxb2 Rfb8 20. Nb3 Qxa3 21. Qxa3 Rxa3 22. Kb2 Rba8 23. Bb1 c4 24. Nd4 Ngf6 25. f3 Nxd5 26. e4 c3+ 27. Kc1 Nb4 28. exf5 Nxa2+ 29. Bxa2+ Rxa2 30. Rd3 Rxg2 0-1

[Event "Rio de Janeiro El Tronador 2nd"]
[Site "Rio de Janeiro"]
[Date "2015.07.17"]
[Round "9"]
[White "Botelho, Fabio Gabriel Cardo"]
[Black "Da Silva, Hercules Jeronymo"]
[Result "1/2-1/2"]
[WhiteElo "2211"]
[BlackElo "2219"]
[PlyCount "121"]
[EventDate "2015.07.13"]
[EventType "tourn"]
[EventRounds "9"]
[EventCountry "BRA"]
[SourceTitle "EXT 2016"]
[Source "ChessBase"]
[SourceDate "2015.10.08"]
[SourceVersion "1"]
[SourceVersionDate "2015.10.08"]
[SourceQuality "1"]

1. g4 Nc6 2. Bg2 d5 3. h3 e5 4. c4 Be6 5. Nc3 Nge7 6. b3 d4 7. Ne4 f5 8. Nc5 Bc8 9. b4 Ng6 10. gxf5 Bxf5 11. Nxb7 Qf6 12. c5 Rb8 13. Nd6+ cxd6 14. Bxc6+ Kd8 15. d3 dxc5 16. b5 h6 17. Qa4 Ne7 18. Qa5+ Kc8 19. Bf3 Qb6 20. Qxb6 axb6 21. a4 g6 22. a5 bxa5 23. Rxa5 Bd7 24. Be4 Rxb5 25. Rxb5 Bxb5 26. Nf3 Bg7 27. Nd2 Kd7 28. Bxg6 Nxg6 29. Rg1 Ra8 30. Rxg6 Bf8 31. Rb6 Bc6 32. Nc4 Kc7 33. Rb1 Bg7 34. Bd2 Ra2 35. f3 Bf6 36. Ba5+ Kd7 37. Bb6 Bd5 38. Bxc5 Bxc4 39. dxc4 Rc2 40. Rb4 Bg5 41. Ra4 Be3 42. Kf1 Rc1+ 43. Kg2 Rg1+ 44. Kh2 h5 45. h4 Rf1 46. Ra2 Kc6 47. Bb4 Rf2+ 48. Kh1 d3 49. Ra6+ Kb7 50. Ra5 d2 51. Bxd2 Bxd2 52. Rxe5 Bf4 53. Kg1 Rh2 54. Rb5+ Kc6 55. e3 Bd6 56. Rxh5 Rc2 57. Rg5 Rxc4 58. h5 Bc5 59. Re5 Kd6 60. Re4 Rxe4 61. fxe4 1/2-1/2

[Event "Rio de Janeiro El Tronador 2nd"]
[Site "Rio de Janeiro"]
[Date "2015.07.13"]
[Round "2"]
[White "Elci, Pereira Diniz"]
[Black "Da Silva, Hercules Jeronymo"]
[Result "1/2-1/2"]
[WhiteElo "2282"]
[BlackElo "2219"]
[PlyCount "97"]
[EventDate "2015.07.13"]
[EventType "tourn"]
[EventRounds "9"]
[EventCountry "BRA"]
[SourceTitle "EXT 2016"]
[Source "ChessBase"]
[SourceDate "2015.10.08"]
[SourceVersion "1"]
[SourceVersionDate "2015.10.08"]
[SourceQuality "1"]

1. e4 e5 2. Nf3 Nc6 3. Bb5 a6 4. Ba4 Nf6 5. 0-0 b5 6. Bb3 d6 7. c3 Be7 8. Re1 0-0 9. h3 Na5 10. Bc2 c5 11. d4 Qc7 12. d5 Bb7 13. Nbd2 c4 14. Nf1 Rad8 15. Ng3 Bc8 16. Bg5 h6 17. Be3 Nb7 18. Qd2 Nh7 19. Bxh6 gxh6 20. Qxh6 Kh8 21. Nh5 Rg8 22. Kh1 Rg6 23. Qd2 Bd7 24. Rad1 Rdg8 25. Ng3 Be8 26. Rg1 Bf8 27. Nh4 Rf6 28. Ngf5 Bd7 29. b4 a5 30. a4 bxa4 31. Ra1 axb4 32. cxb4 Nd8 33. Bxa4 Bxa4 34. Rxa4 Ne6 35. dxe6 fxe6 36. b5 exf5 37. exf5 Qc5 38. Ng6+ Kg7 39. Qa2 d5 40. Ra7+ Kh6 41. Nxe5 Rxf5 42. Qd2+ Ng5 43. Ng4+ Kh5 44. Rga1 Ne4 45. Qd1 Kg5 46. Qc1+ Kh5 47. Qd1 Kg5 48. Qc1+ Kh5 49. Qd1 1/2-1/2